ಪ್ರೌಧಶಾಲಾ ಶಿಕ್ಷಣ ಮತ್ತು ಶಿಕ್ಷಕನ ಕಾರ್ಯಗಳು (Record no. 238048)
[ view plain ]
| 000 -LEADER | |
|---|---|
| fixed length control field | 00572nam a2200193Ia 4500 |
| 003 - CONTROL NUMBER IDENTIFIER | |
| control field | OSt |
| 005 - DATE AND TIME OF LATEST TRANSACTION | |
| control field | 20260207112057.0 |
| 008 - FIXED-LENGTH DATA ELEMENTS--GENERAL INFORMATION | |
| fixed length control field | 250729s2007 xx 000 0 und d |
| 040 ## - CATALOGING SOURCE | |
| Transcribing agency | AL |
| 041 ## - LANGUAGE CODE | |
| Language code of text/sound track or separate title | kan |
| 082 ## - DEWEY DECIMAL CLASSIFICATION NUMBER | |
| Classification number | 372.25 SURP |
| 100 ## - MAIN ENTRY--PERSONAL NAME | |
| Personal name | ಸುರೇಶ್ ಪಿ ಎಸ್ |
| 9 (RLIN) | 228591 |
| 245 ## - TITLE STATEMENT | |
| Title | ಪ್ರೌಧಶಾಲಾ ಶಿಕ್ಷಣ ಮತ್ತು ಶಿಕ್ಷಕನ ಕಾರ್ಯಗಳು |
| 260 ## - PUBLICATION, DISTRIBUTION, ETC. | |
| Place of publication, distribution, etc. | ಮೈಸೂರು |
| Date of publication, distribution, etc. | 2007 |
| 300 ## - PHYSICAL DESCRIPTION | |
| Extent | 477p |
| 650 ## - SUBJECT ADDED ENTRY--TOPICAL TERM | |
| Topical term or geographic name entry element | Education |
| 9 (RLIN) | 228592 |
| 700 ## - ADDED ENTRY--PERSONAL NAME | |
| Personal name | ಸುo Digumurthi |
| 9 (RLIN) | 228593 |
| 942 ## - ADDED ENTRY ELEMENTS (KOHA) | |
| Source of classification or shelving scheme | Dewey Decimal Classification |
| Koha item type | School of Education |
| Withdrawn status | Lost status | Damaged status | Not for loan | Home library | Current library | Date acquired | Source of acquisition | Cost, normal purchase price | Total Checkouts | Full call number | Barcode | Date last seen | Cost, replacement price | Price effective from | Koha item type |
|---|---|---|---|---|---|---|---|---|---|---|---|---|---|---|---|
| St Aloysius Library | St Aloysius Library | 07/29/2025 | School Book Company | 180.00 | 372.25 SURP | BED03367 | 07/29/2025 | 180.00 | 07/29/2025 | Book |